Normal view
MARC view
- English
Entry Topical Term
001 - CONTROL NUMBER
- control field: 38957
003 - CONTROL NUMBER IDENTIFIER
- control field: OSt
005 - DATE AND TIME OF LATEST TRANSACTION
- control field: 20190724173606.0
008 - FIXED-LENGTH DATA ELEMENTS
- fixed length control field: 190724|| aca||aabn | a|a d
040 ## - CATALOGING SOURCE
- Original cataloging agency: OSt
- Transcribing agency: OSt
150 ## - HEADING--TOPICAL TERM
- Topical term or geographic name entry element: English
- Form subdivision: undergraduate thesis
670 ## - SOURCE DATA FOUND
- Source citation: Work cat.: (OSt): Giangan, Mia Farrah C. 38956, FACTORS AFFECTING ENGLISH LANGUAGE LEARNERS' MOTIVATION AND ANXIETY/, October 2018
